000 00768nas a2200253 4500
001 BR9507358
003 BR-BrBNA
005 20231205095421.0
007 ta
008 230509b bl.|||p| |||| 00| 00por d
040 _aBR-BrBNA
_bpor
_cBiblioteca Nacional de Agricultura
041 _a(Pt)
072 _aL73
100 1 _aMorais, R.G.
100 1 _aGiovine, N.
100 1 _aFreitas, M.G.
245 1 _aTinhas de bovinos em Minas Gerais pelo Favotrichophyton album
650 _aBovino
650 _aTinha
650 _aMinas Gerais
773 0 _tArquivos da Escola Superior de Veterinaria da Universidade Rural do Estado de Minas Gerais (Brazil)
_x
_g(1949), v. 2 p. 41-45
_wBR9507358
909 _a202311
_bLúcia
_c55
_dLúcia Elande
942 _2AGRIS
_n0
_cANA
999 _c150528
_d150528